Normal view
MARC view
Entry Personal Name
001 - CONTROL NUMBER
- control field: 3287
003 - CONTROL NUMBER IDENTIFIER
- control field: ARRUPE
005 - DATE AND TIME OF LATEST TRANSACTION
- control field: 20131105170556.0
008 - FIXED-LENGTH DATA ELEMENTS
- fixed length control field: 131105|| aca||aabn | a|a d
040 ## - CATALOGING SOURCE
- Original cataloging agency: ARRUPE
- Transcribing agency: ARRUPE
100 ## - HEADING--PERSONAL NAME
- Personal name: Ignatius,
- Titles and other words associated with a name: of Loyola, Saint,
- Dates associated with a name: 1491-1556.
670 ## - SOURCE DATA FOUND
- Source citation: Work cat.: (ARRUPE)0: Toner, Jules J. 3284, What is your will, O God? :, 1995.